| 000 | 00375nam a22001337a 4500 | ||
|---|---|---|---|
| 082 |
_a891.4393 _bSAD _cN-01, P-146 |
||
| 100 |
_aSalik Saddique _946972 |
||
| 245 |
_aتادم تحریر _cSaddique Salik |
||
| 260 |
_aLahore, Pakistan _bTarab Mubeen Printers _c1997 |
||
| 300 | _a278 p. : | ||
| 526 |
_a0 _b0 _c0 _d891_439300000000000_SAD |
||
| 650 |
_aMCE _9379 |
||
| 942 |
_2ddc _cBK |
||
| 999 |
_c550280 _d550280 |
||